Educación popular, sociedad civil y desarrollo alternativo /
Se reflexiona en este texto sobre los aportes de la educación popular a un tipo de desarrollo que fortalezca la sociedad civil; se cuestionan, asimismo, los esquemas industrialistas-nacionalistas y los neo-liberales del mercado abierto. La reflexión se hace a partir de la recuperación de experiencia...
Na minha lista:
| Autor principal: | |
|---|---|
| Formato: | Livro |
| Idioma: | espanhol |
| Publicado em: |
Santiago, Chile :
Consejo de Educación de Adultos de América Latina : Aconcagua,
1988, c1988
|
| Assuntos: | |
| Tags: |
Sem tags, seja o primeiro a adicionar uma tag!
|
MARC
| LEADER | 00000nam^a2200000^a^4500 | ||
|---|---|---|---|
| 001 | 000400524 | ||
| 005 | 20250521000000.0 | ||
| 009 | 20260310121622.555 | ||
| 037 | |a Acervo ITESO - Biblioteca | ||
| 041 | |a ESP | ||
| 082 | |a 361. 80980 |b VIO | ||
| 100 | |a Vio Grossi, Francisco |e (edición) | ||
| 245 | 1 | 0 | |a Educación popular, sociedad civil y desarrollo alternativo / |c Ed. de F. Vio Grossi. |
| 264 | 4 | |a Santiago, Chile : |b Consejo de Educación de Adultos de América Latina : |b Aconcagua, |c 1988, c1988 | |
| 300 | |a 132 p. | ||
| 336 | |a texto |b txt |2 rdacontenido | ||
| 337 | |a sin mediación |b n |2 rdamedio | ||
| 338 | |a volumen |b nc |2 rdasoporte | ||
| 520 | |a Se reflexiona en este texto sobre los aportes de la educación popular a un tipo de desarrollo que fortalezca la sociedad civil; se cuestionan, asimismo, los esquemas industrialistas-nacionalistas y los neo-liberales del mercado abierto. La reflexión se hace a partir de la recuperación de experiencias de trabajo en toda Latinoamérica. | ||
| 649 | |a XX | ||
| 650 | |a Sociedad Civil - |z Latinoamérica | ||
| 650 | |a Movimientos Políticos - |z Latinoamérica | ||
| 650 | |a Movimientos Sociales - |z Latinoamérica | ||
| 650 | |a Desarrollo Económico-Social - |z Latinoamérica | ||
| 650 | |a Educación y Promoción Popular - |z Latinoamérica - |x Tema Principal | ||
| 650 | |a Educación y Desarrollo - |z Latinoamérica - |x Tema Principal | ||
| 650 | |a Educación y Política - |z Latinoamérica | ||
| 650 | |a Educación y Sociedad - |z Latinoamérica | ||
| 910 | |a Fondo Carlos Núñez Hurtado | ||
| 920 | |a Impresos - Libros | ||
| 930 | |a Fondos Especiales | ||
| 905 | |a 117 | ||
| 901 | |a 0500295984 |b IT2 |c ESP |i d80625 |u 20250521 | ||
| 901 | |a 0500296959 |b IT2 |c ESP |i D80160 |u 20250521 | ||
| 902 | |a https://opac.biblio.iteso.mx/vufind/Record/000400524 | ||